000 00519nam a22001937a 4500
001 00028734
005 20260409142702.0
008 260409b ag ||||| |||| 00| 0 spa d
020 _a9788441324305
040 _bspa
_cAR-CcCEOS
080 _a956.94
090 _bKOC
100 1 _aKochav, Sarah
_91035
245 _aIsrael :
_bJesuralén, la ciudad sagrada de tres religiones /
_cSarah Kochav
260 _aBarcelona :
_bFolio,
_cc2008.
300 _a143 p. ;
_c30x23 cm.
650 0 _ahistoria
942 _2udc
_cBK
999 _c28769
_d28769
945 _a66467
_bMelina Rolando
_c66467
_dMelina Rolando